Eastern Utah Libraries Catalog: Duchesne, Heber, Roosevelt, & Vernal

The Boxtrolls / (Record no. 192090)

MARC details
000 -LEADER
fixed length control field 04099cgm a2200829Ki 4500
001 - CONTROL NUMBER
control field ocn899247268
003 - CONTROL NUMBER IDENTIFIER
control field OCoLC
005 - DATE AND TIME OF LATEST TRANSACTION
control field 20241220161535.0
007 - PHYSICAL DESCRIPTION FIXED FIELD--GENERAL INFORMATION
fixed length control field vd cvaizq
008 - FIXED-LENGTH DATA ELEMENTS--GENERAL INFORMATION
fixed length control field 150106p20152014cau097 j vaeng d
040 ## - CATALOGING SOURCE
Original cataloging agency LPU
Language of cataloging eng
Transcribing agency LPU
Modifying agency OJ4
-- GK8
-- GL9
-- UINTA
020 ## - INTERNATIONAL STANDARD BOOK NUMBER
International Standard Book Number 9780111207208
020 ## - INTERNATIONAL STANDARD BOOK NUMBER
International Standard Book Number 0111207207
024 10 - OTHER STANDARD IDENTIFIER
Standard number or code 025192211553
028 42 - PUBLISHER NUMBER
Publisher number 62129695
Source Universal
-- (container)
028 42 - PUBLISHER NUMBER
Publisher number 2028842
Source Universal
-- (disc)
028 42 - PUBLISHER NUMBER
Publisher number 541099
Source Universal
-- (disc)
035 ## - SYSTEM CONTROL NUMBER
System control number (OCoLC)899247268
041 1# - LANGUAGE CODE
Language code of text/sound track or separate title eng
-- fre
-- spa
-- eng
-- fre
-- spa
Language code of original and/or intermediate translations of text eng
046 ## - SPECIAL CODED DATES
Beginning or single date created 2014
049 ## - LOCAL HOLDINGS (OCLC)
Holding library UCLB
130 0# - MAIN ENTRY--UNIFORM TITLE
Uniform title Boxtrolls (Motion picture)
245 14 - TITLE STATEMENT
Title The Boxtrolls /
Statement of responsibility, etc Laika Entertainment ; written by Irena Brignull and Adam Pava ; directed by Graham Annable and Anthony Stacchi.
246 3# - VARYING FORM OF TITLE
Title proper/short title Box trolls
257 ## - COUNTRY OF PRODUCING ENTITY FOR ARCHIVAL FILMS
Country of producing entity United States.
-- naf
264 #1 - Production, Publication, Distribution, Manufacture, and Copyright Notice.
Place of production, publication, distribution, manufacture [Place of publication not identified] :
Name of producer, publisher, distributor, manufacturer [publisher not identified],
Date of production, publication, distribution, manufacture, or copyr [2015]
264 #2 - Production, Publication, Distribution, Manufacture, and Copyright Notice.
Place of production, publication, distribution, manufacture Universal City, CA :
Name of producer, publisher, distributor, manufacturer Universal Studios Home Entertainment
300 ## - PHYSICAL DESCRIPTION
Extent 1 videodisc (1 hr., 37 min.) :
Other physical details sound, color ;
Dimensions 4 3/4 in.
336 ## - Content Type
Content type term two-dimensional moving image
337 ## - Media type
Media type term video
338 ## - Carrier type
Carrier type term videodisc
344 ## -
-- digital
-- optical
-- surround
-- Dolby Digital 5.1
-- rda
346 ## -
-- laser optical
-- NTSC
-- rda
347 ## -
-- video file
-- DVD video
-- region 1
-- rda
380 ## -
-- Motion picture
500 ## - GENERAL NOTE
General note Based on the book "Here Be Monsters" by Alan Snow
538 ## - SYSTEM DETAILS NOTE
System details note DVD, NTSC, region 1; 1.78:1 anamorphic widescreen; Dolby Digital 5.1.
546 ## - LANGUAGE NOTE
Language note English, Spanish or French dialogue; Spanish or French subtitles; English subtitles for the deaf and hard of hearing.
511 1# - PARTICIPANT OR PERFORMER NOTE
Participant or performer note Voices: Isaac Hempstead Wright, Ben Kingsley, Elle Fanning, Jared Harris, Nick Frost, Toni Collette, Tracy Morgan.
500 ## - GENERAL NOTE
General note Originally released as a motion picture in 2014.
521 8# - TARGET AUDIENCE NOTE
Target audience note MPAA Rating: PG; for action, some peril and mild rude humor.
520 ## - SUMMARY, ETC.
Summary, etc A community of quirky, mischievous creatures who have lovingly raised an orphaned human boy named Eggs in the amazing cavernous home they've built beneath the streets of Cheesebridge. When the town's villain, Archibald Snatcher, comes up with a plot to get rid of the Boxtrolls, Eggs decides to venture above ground, "into the light", where he meets and teams up with fabulously feisty Winnie. Together, they devise a daring plan to save Eggs' family.
500 ## - GENERAL NOTE
General note Bonus features: Dare to be square: behind the scenes of The boxtrolls; 5 featurettes that take you inside the magical world of The Boxtrolls; feature commentary with directors Graham Annable and Anthony Stacchi.
650 #0 - SUBJECT ADDED ENTRY--TOPICAL TERM
Topical term or geographic name as entry element Families
Form subdivision Juvenile films.
9 (RLIN) 5702590
650 #0 - SUBJECT ADDED ENTRY--TOPICAL TERM
Topical term or geographic name as entry element Orphans
Form subdivision Juvenile films.
9 (RLIN) 5712681
650 #0 - SUBJECT ADDED ENTRY--TOPICAL TERM
Topical term or geographic name as entry element Trolls
Form subdivision Juvenile films.
9 (RLIN) 5718679
655 #7 - INDEX TERM--GENRE/FORM
Genre/form data or focus term Fiction films.
Source of term lcgft
655 #7 - INDEX TERM--GENRE/FORM
Genre/form data or focus term Feature films.
Source of term lcgft
655 #7 - INDEX TERM--GENRE/FORM
Genre/form data or focus term Animated films.
Source of term lcgft
655 #7 - INDEX TERM--GENRE/FORM
Genre/form data or focus term Children's films.
Source of term lcgft
655 #7 - INDEX TERM--GENRE/FORM
Genre/form data or focus term Film adaptations.
Source of term lcgft
655 #7 - INDEX TERM--GENRE/FORM
Genre/form data or focus term Action and adventure films.
Source of term lcgft
655 #7 - INDEX TERM--GENRE/FORM
Genre/form data or focus term Comedy films.
Source of term lcgft
655 #7 - INDEX TERM--GENRE/FORM
Genre/form data or focus term Fantasy films.
Source of term lcgft
655 #7 - INDEX TERM--GENRE/FORM
Genre/form data or focus term Video recordings for the hearing impaired.
Source of term lcgft
700 1# - ADDED ENTRY--PERSONAL NAME
Personal name Annable, Graham,
Relator term film director.
9 (RLIN) 6367107
700 1# - ADDED ENTRY--PERSONAL NAME
Personal name Stacchi, Anthony,
Relator term film director.
9 (RLIN) 56423
700 1# - ADDED ENTRY--PERSONAL NAME
Personal name Hempstead-Wright, Isaac,
Dates associated with a name 1999-
Relator term voice actor.
9 (RLIN) 5959379
700 1# - ADDED ENTRY--PERSONAL NAME
Personal name Kingsley, Ben,
Dates associated with a name 1943-
Relator term voice actor.
9 (RLIN) 20732
700 1# - ADDED ENTRY--PERSONAL NAME
Personal name Fanning, Elle,
Dates associated with a name 1998-
Relator term voice actor.
9 (RLIN) 74464
700 1# - ADDED ENTRY--PERSONAL NAME
Personal name Harris, Jared,
Dates associated with a name 1961-
Relator term voice actor.
9 (RLIN) 76612
700 1# - ADDED ENTRY--PERSONAL NAME
Personal name Frost, Nick,
Dates associated with a name 1970-
Relator term voice actor.
9 (RLIN) 71740
700 1# - ADDED ENTRY--PERSONAL NAME
Personal name Morgan, Tracy,
Dates associated with a name 1968-
Relator term voice actor.
9 (RLIN) 71714
700 1# - ADDED ENTRY--PERSONAL NAME
Personal name Ayoade, Richard,
Dates associated with a name 1977-
Relator term voice actor.
9 (RLIN) 5974288
700 1# - ADDED ENTRY--PERSONAL NAME
Personal name Collette, Toni,
Relator term voice actor.
9 (RLIN) 62860
700 1# - ADDED ENTRY--PERSONAL NAME
Personal name Snow, Alan.
Title of a work Here be monsters.
9 (RLIN) 6367108
710 2# - ADDED ENTRY--CORPORATE NAME
Corporate name or jurisdiction name as entry element Focus Features.
9 (RLIN) 69097
710 2# - ADDED ENTRY--CORPORATE NAME
Corporate name or jurisdiction name as entry element Universal Studios Home Video (Firm)
9 (RLIN) 65216
710 2# - ADDED ENTRY--CORPORATE NAME
Corporate name or jurisdiction name as entry element LAIKA (Firm)
9 (RLIN) 5894933
710 2# - ADDED ENTRY--CORPORATE NAME
Corporate name or jurisdiction name as entry element Universal Studios Home Entertainment (Firm)
9 (RLIN) 72642
994 ## -
-- C0
-- UINTA
Holdings
Withdrawn status Lost status Source of classification or shelving scheme Damaged status Not for loan Collection code Home library Current library Shelving location Date acquired Source of acquisition Cost, normal purchase price Total Checkouts Total Renewals Full call number Barcode Date last seen Date checked out Cost, replacement price Price effective from Koha item type
    Dewey Decimal Classification     Movies Wasatch County Library Wasatch County Library Audio Visual Area 02/04/2015   29.98 88 13 DVD Box 34301001616715 06/09/2025 05/08/2025 29.98 03/20/2020 DVD
This project was made possible through a grant from the Institute of Museum and Library Service administered by the Utah State Library Division.

Wasatch County Library

  • 465 East 1200 South, Heber City, Utah 84032
  • Phone 435-654-1511 | Fax 435-654-6456

Hours

  • Monday - Friday 9:30 AM - 8:00 PM
  • Saturday 9:30 AM - 1:30 PM
  • Closed Sundays and Holidays